|
|
|
|
| LEADER |
00782cam a2200193 a 4500 |
| 001 |
01554676 |
| 003 |
GR-PaULI |
| 008 |
040521s1972 gr g 000 1 gre|c |
| 040 |
|
|
|a GrPaTEI
|b gre
|c GR-PaULI
|
| 050 |
|
4 |
|a PA5633.A38
|b M4 1983
|
| 082 |
0 |
4 |
|a 889.36
|2 ΕΕΒ
|
| 100 |
1 |
|
|a Βαλέτας, Κώστας Γ.,
|d 1939-
|
| 245 |
1 |
3 |
|a Οι μέτοικοι :
|b μυθιστόρημα /
|c Κώστας Βαλέτας.
|
| 260 |
|
|
|a Αθήνα :
|b Καρανάση,
|c [1972]
|
| 300 |
|
|
|a 176 σ. ;
|c 21 εκ.
|
| 942 |
|
|
|2 ddc
|
| 952 |
|
|
|0 0
|1 0
|2 ddc
|4 0
|6 Μ_ΒΑΛ
|7 0
|9 250854
|a MSLG
|b MSLG
|c BSC
|d 2021-01-17
|e 24
|f 0
|g 0.00
|l 0
|o Μ ΒΑΛ
|p 2420000013240
|r 2021-01-17 00:00:00
|t 1
|w 2021-01-17
|y BK15
|x 20080925 0 ΤΣΑΝΤΑΡΛΙΩΤΗ 1
|x GrPaTEI
|
| 971 |
|
|
|a .b14626263
|b 11-04-20
|c 31-08-15
|
| 999 |
|
|
|c 148878
|d 148878
|